Statistics for male singers by songs

Click here to take the quiz!

General Stats

  • This quiz has been taken 68 times
  • The average score is 17 of 35

Answer Stats

HintAnswer% Correct
don't, bloodstream, a team, castle on the hill, shape of youEd Sheeran
93%
what do you mean, yummy, baby, boyfriend, sorryJustin Bieber
90%
Sign of the times, watermelon sugarHarry Styles
80%
can't stop the feeling, mirrorJustin Timberlake
80%
Sugar, Moves like jagger, she will be lovedMaroon 5
73%
Happy, Get Lucky, FeelsPharrell
73%
Can't feel my face, starboy, blinding lightsThe Weeknd
71%
Another one bites the dust, don't stop me now, one visionQueen
69%
scream and shout, fall down, that powerwill.i.am
66%
best song ever, drag me downOne Direction
64%
Stitches, there's nothing holding me back, senoritaShawn Mendes
64%
sky full of stars, paradise, hymn for the weekend, adventure of a lifetimeColdplay
61%
stay with me, writings on the wall,i'm the only oneSam Smith
59%
Attention, see you again, We Don't talk anymoreCharlie Puth
58%
angels, let me entertain youRobbie Williams
58%
Talk Dirty, Swalla, Want to want meJason Derulo
53%
our song, don't go breaking my heart, saturday nights alrightElton John
51%
Budapest, Blame it on me, Shotgun, ParadiseGeorge Ezra
42%
Levels, Teacher, Spaceman, CloseNick Jonas
42%
this town, nice to meet ya, Slow handsNiall Horan
41%
delilah, sex bomb, its not unusualTom Jones
41%
Youngblood, she looks so perfect, ghost of you, teeth5 Seconds of Summer
37%
Cake by the ocean, Kissing strangersDNCE
37%
dance with me tonight, seasons, troublemakerOlly Murs
36%
Sucker, Cool, Only Human, What a man gotta doJonas Brothers
34%
human, grace, all i ever wanted, Giant, skinRag N Bone man
27%
real Love, heal, Another loveTom Odell
27%
Bedroom Floor, familiar, for youliam Payne
22%
nightboat to cairo, baggy trousers, one step beyond, our houseMadness
20%
boys, dnaBTS
17%
Rule the world, greatest day, giants, these days, the floodTake that
17%
Whatdya want from me, Cuckoo, TrespassingAdam Lambert
15%
supermassive black hole, neutron star collisionMuse
15%
true faith, blue monday, bizarre love triangle, age of consentNew order
15%
open road, something you love, agave, reckless and meKiefer Sutherland
3%

Score Distribution

Percentile by Number Answered

Percent of People with Each Score

Your Score History

You have not taken this quiz